Loading...
| Literature - British | 0 | 4 | 0 | 1 | 40 | 99 | 125.25 | 1 | 1 | 4.62 | 16.97 |
| Literature - European | 0 | 4 | 0 | 0 | 40 | 93 | 114.25 | 0 | 1 | 5.58 | 15.76 |
| Social Science | 0 | 2 | 0 | 0 | 20 | 68 | 80.00 | 0 | 0 | 3.87 | 6.06 |
| Literature - American | 0 | 2 | 0 | 0 | 20 | 104 | 119.50 | 0 | 0 | 2.24 | 4.85 |
| Literature - World | 0 | 2 | 0 | 0 | 20 | 99 | 100.50 | 0 | 0 | 4.79 | 3.33 |
| Philosophy | 0 | 2 | 0 | 1 | 20 | 46 | 80.50 | 1 | 1 | 5.75 | 9.09 |
| Religion | 0 | 1 | 0 | 1 | 10 | 115 | 115.00 | 0 | 0 | 0.00 | 1.82 |
| Other Academic | 0 | 1 | 0 | 0 | 10 | 85 | 85.00 | 0 | 1 | 12.35 | 22.22 |
| History - American | 0 | 1 | 0 | 1 | 10 | 125 | 125.00 | 0 | 0 | 0.00 | 1.52 |
| Fine Arts - Painting and Sculpture | 0 | 1 | 0 | 0 | 10 | 128 | 128.00 | 0 | 0 | 0.07 | 1.52 |
| Popular Culture | 0 | 1 | 1 | 0 | 5 | 63 | 63.00 | 0 | 0 | 14.29 | 12.50 |
| Fine Arts - Other | 0 | 0 | 0 | 0 | 0 | 0.00 | 0 | 0 | 0.00 | 0.00 |